000 00580nam a2200181Ia 4500
003 GCL
008 140319s9999 xx 000 0 ara d
040 _aGCL /
_cGCL
082 0 4 _a810.13
_bا ا
100 1 _aاحمد درويش
_vDistributor
_@
…وزع
245 1 0 _aالاستشراق الفرنسى والادب العربى /
_cاحمد درويش
300 _a207 ص
490 _aدراسات ادبية
_v0
650 0 4 _aالادب العربى
650 0 4 _aالاستشراق والمستشرقون
650 0 4 _aالادب الفرنسى
942 _2ddc
_cBK
999 _c50289
_d50289